000 00411nam a22001697a 4500
003 MPLRDC
005 20220104142520.0
008 210129b ||||| |||| 00| 0 eng d
082 _a782.886 ZD-2
100 _a史沫特莱
245 _a朱德将军传
_c尤其 编译
250 _a初版
260 _a
_b现代出版公司
_c1969
300 _b
650 _a朱德传记
942 _cBK
_o782.886 ZD-2
999 _c31506
_d31496